एक घर सड़क पर / (Record no. 53124)
[ view plain ]
| 000 -LEADER | |
|---|---|
| fixed length control field | 01240nam a22002777a 4500 |
| 005 - DATE AND TIME OF LATEST TRANSACTION | |
| control field | 20080905121451.0 |
| 008 - FIXED-LENGTH DATA ELEMENTS--GENERAL INFORMATION | |
| fixed length control field | 110608t xxu||||| |||| 00| 0 hin d |
| 010 ## - LCCN (DPL NO) | |
| LC control number | HIN-93035 |
| 020 ## - INTERNATIONAL STANDARD BOOK NUMBER | |
| Terms of availability | 225.00 |
| International Standard Book Number | 9789381130346 |
| 035 ## - SYSTEM CONTROL NUMBER | |
| System control number | HN-65381 |
| 037 ## - SOURCE OF ACQUISITION | |
| Source of stock number/acquisition | DBAD / PUB |
| 040 ## - CATALOGING SOURCE | |
| Original cataloging agency | DPL |
| Language of cataloging | HN |
| 082 ## - DEWEY DECIMAL CLASSIFICATION NUMBER | |
| Classification number | उ |
| 100 ## - MAIN ENTRY--PERSONAL NAME | |
| 9 (RLIN) | 28442 |
| Personal name | ठाकुर, अनिलचंद्र |
| 245 ## - TITLE STATEMENT | |
| Title | एक घर सड़क पर / |
| Statement of responsibility, etc | अनिलचंद्र ठाकुर |
| 250 ## - EDITION STATEMENT | |
| Edition statement | 2रा संस्क |
| 260 ## - PUBLICATION, DISTRIBUTION, ETC. (IMPRINT) | |
| Place of publication, distribution, etc | दिल्ली |
| Name of publisher, distributor, etc | यश पब्लिकेशन्स |
| Date of publication, distribution, etc | 2011 |
| 270 ## - ADDRESS | |
| Address | 1/10753 सुभाष पार्क, गली नं3, नवीन शाहदरा नीयर कीर्ति मंदिर |
| City | दिल्ली |
| Postal code | 110031 |
| Telephone number | 09899938522 |
| Electronic mail address | yash_publication@hotmail.com |
| 300 ## - PHYSICAL DESCRIPTION | |
| Extent | 116पृ |
| Dimensions | 22सेमी (सजिल्द) |
| 650 ## - SUBJECT ADDED ENTRY--TOPICAL TERM | |
| 9 (RLIN) | 28443 |
| Topical term or geographic name as entry element | हिन्दी कथा साहित्य |
| 650 ## - SUBJECT ADDED ENTRY--TOPICAL TERM | |
| 9 (RLIN) | 28455 |
| Topical term or geographic name as entry element | Hindi Novel |
| 700 ## - ADDED ENTRY--PERSONAL NAME | |
| 9 (RLIN) | 28521 |
| 700 ## - ADDED ENTRY--PERSONAL NAME | |
| 9 (RLIN) | 28536 |
| 942 ## - ADDED ENTRY ELEMENTS (KOHA) | |
| Institution code [OBSOLETE] | dpl |
| Item type | Hindi Books |
| Source of classification or shelving scheme | Dewey Decimal Classification |
| Call number suffix | ठाकुर |
| Classification part | उ |
| Withdrawn status | Lost status | Source of classification or shelving scheme | Damaged status | Not for loan | Collection code | Home library | Current library | Date acquired | Source of acquisition | Cost, normal purchase price | Total Checkouts | Full call number | Barcode | Date last seen | Copy number | Cost, replacement price | Koha item type |
|---|---|---|---|---|---|---|---|---|---|---|---|---|---|---|---|---|---|
| Dewey Decimal Classification | Not For Loan | Fiction | D.B.Act.Division | D.B.Act.Division | 23/06/2011 | DBAD / PUB | 225.00 | उ ठाकुर | HN-65381 | 23/06/2011 | 1 | 225.00 | Hindi Books |
